Heat generation in pneumatic tires (1976 reviews) (Record no. 60247)

MARC details
000 -LEADER
fixed length control field 00418nam a2200157Ia 4500
100 ## - MAIN ENTRY--AUTHOR NAME
Personal name Kainradi P
245 #0 - TITLE STATEMENT
Title Heat generation in pneumatic tires (1976 reviews)
260 ## - PUBLICATION, DISTRIBUTION, ETC. (IMPRINT)
Name of publisher Rubber Chemistry and Technology
Year of publication 1976
300 ## - PHYSICAL DESCRIPTION
Number of Pages 823-861
650 ## - SUBJECT ADDED ENTRY--TOPICAL TERM
Topical Term 1976 reviews
650 ## - SUBJECT ADDED ENTRY--TOPICAL TERM
Topical Term Heat generation
650 ## - SUBJECT ADDED ENTRY--TOPICAL TERM
Topical Term Pneumatic tires
700 ## - ADDED ENTRY--PERSONAL NAME
Personal name Kaufmann G
942 ## - ADDED ENTRY ELEMENTS (KOHA)
Koha item type Journals
Holdings
Withdrawn status Lost status Damaged status Not for loan Home library Current library Shelving location Date acquired Serial Enumeration / chronology Koha item type
      Journals RRII Library RRII Library Rubber chemistry 17/12/2021 Volume 49, Issue 3 Journals